000 00643nam a2200241Ia 4500
003 OSt
005 20220918193404.0
006 a|||||r|||| 00| 0
007 ta
008 220917b |||||||| |||| 00| 0 eng d
024 _a72,910
037 _cTextual
040 _aARTS
_cARTS
_beng
041 _2eng
_aeng
082 _aR5xM85, L9
100 _aLowy Michael
_981643
245 0 _aGeorge Lukacs from romanticism to bolshevism tr by Patrick Camiller
260 _aLondon
_bNLB
_c1979
300 _a219p.
_ccm.
650 _aAESTHETICS
942 _hR5xM85, L9
_cTEXL
_2CC
999 _c198851
_d198851